|
|
|
|
| LEADER |
00000nam0a2200000 4500 |
| 001 |
679020 |
| 005 |
20250310091339.0 |
| 090 |
|
|
|a 679020
|
| 100 |
|
|
|a 20250310d1979 m||y0rusy50 ca
|
| 101 |
0 |
|
|a rus
|
| 102 |
|
|
|a RU
|
| 105 |
|
|
|a a z 000yy
|
| 181 |
|
0 |
|a i
|b e
|
| 182 |
|
0 |
|a n
|
| 183 |
|
0 |
|a nc
|2 RDAcarrier
|
| 200 |
1 |
|
|a Земля людей. "Круглый стол по проблеме "Человек и Природа"
|e книга для чтения
|f Народный университет ; сост. Н. Филипповский
|h Вып. 3
|
| 203 |
|
|
|a Текст
|b визуальный
|c непосредственный
|
| 210 |
|
|
|a Москва
|c Знание
|d 1979
|
| 215 |
|
|
|a 272 с.
|c ил.
|
| 283 |
|
|
|a volume
|2 RDAcarrier
|
| 320 |
|
|
|a Библиогр.: с.
|
| 606 |
1 |
|
|a Природа и человек
|2 stltpush
|3 (RuTPU)RU\TPU\subj\51475
|9 70069
|
| 610 |
1 |
|
|a человеческое общество
|
| 610 |
1 |
|
|a природная среда
|
| 610 |
1 |
|
|a взаимодействие
|
| 610 |
1 |
|
|a природные ресурсы
|
| 610 |
1 |
|
|a изучение
|
| 610 |
1 |
|
|a растения
|
| 610 |
1 |
|
|a животный мир
|
| 610 |
1 |
|
|a человек
|
| 610 |
1 |
|
|a Советский Союз
|
| 610 |
1 |
|
|a зарубежные страны
|
| 675 |
|
|
|a 502.31
|v 4
|
| 702 |
|
1 |
|a Филипповский
|b Н.
|4 220
|
| 712 |
0 |
2 |
|a Народный университет
|c (Москва)
|3 (RuTPU)RU\TPU\col\18212
|9 26939
|b Естественнонаучный факультет
|
| 801 |
|
0 |
|a RU
|b 63413507
|c 20250210
|
| 830 |
|
|
|a Ретро2025Каталогизация Кузнецова
|
| 942 |
|
|
|c BK
|